| 000 | 00548nam a22001817a 4500 | ||
|---|---|---|---|
| 999 |
_c8817 _d8817 |
||
| 003 | AR-CdUCM | ||
| 008 | 190326b ||||| |||| 00| 0 eng d | ||
| 040 |
_aMUNICIPALIDAD PROVINCIAL DEL CUSCO _cBIBLIOTECA MUNICIPAL DEL CUSCO |
||
| 082 |
_aEP / 803.08 / _bL59 |
||
| 245 |
_a365 cuentos : _buno para cada noche / |
||
| 260 |
_aMadrid : _bLIBSA, _c2017. |
||
| 300 |
_a192 páginas ; _c29 cm. |
||
| 500 | _aLibro con ilustraciones a color. | ||
| 650 |
_aCuentos infantiles _93927 |
||
| 650 |
_aSiglo XXI _92856 |
||
| 942 |
_2ddc _cLIBROS |
||
| 945 | _aafb | ||